Zvyšovanie úlohy ľudových prísediacich pri výkone súdnictva v ZSSR

Bibliographic Details
Main Author: Báňas, Peter (Author, Translator)
Format: Article
Language:Slovak
Subjects:

MARC

LEADER 00000nab a2200000 a 4500
001 vtls000208275
003 SK-MaSNL
005 20260304062947.0
008 250422c1985 xo 0 slo
015 |a SNBRB19rr/mm-uuuuu 
035 |a CL0218388 
035 |a urn:nbn:sk:snk-abd090 
035 |a (urnnbn)urn:nbn:sk:snk:ar-007dgt 
035 |a (uuid)92a5e0b8-7f07-4f59-9540-cd5150b2f565 
040 |a SNKBUCL  |b slo  |c SNKBUCL  |e AACR2 
041 0 |a slo 
044 |a xo  |c SK 
080 |a 34(47)  |2 1981 
080 |a 343.161  |2 1981 
100 1 |a Báňas, Peter  |4 aut  |9 656316 
245 1 0 |a Zvyšovanie úlohy ľudových prísediacich pri výkone súdnictva v ZSSR  |c Peter Báňas ; Peter Báňas 
650 0 7 |a súdnictvo socialistické  |2 snkbucl  |9 926550 
655 7 |a články z novín a časopisov  |2 snkbucl  |9 267496 
700 1 |a Báňas, Peter  |4 trl  |9 656316 
773 0 |t Socialistické súdnictvo  |g Roč. 37, č. 1 (1985), s. 40-41 
850 |a Slovenská národná knižnica 
852 |a Slovenská národná knižnica 
954 |a odborná, vedecká literatúra pôvodná (slovenská)  |2 lita 
958 |a article17 
958 |a OND 
958 |a RK 
958 |a SU 
958 |a EUIPO 
992 |a RBX 
999 |c 2740425  |d 2742355